000 01296nam a2200313 i 4500
003 EG-GICUC
005 20260427145612.0
008 260427s1986 ua ||||fr|||| 000 0 ara d
040 _a EG-GICUC
_bara
_c EG-GICUC
_d EG-GICUC
_erda
041 0 _aara
082 0 4 _221
_a343.637
_bم ص . ب
092 0 4 _221
099 _aLaw1 10 343.637 م ص . ب [1986]
100 0 _aمحمد عبدالحميد زكي
_eAuthor.
245 1 0 _aبحث عن الاعلام في مكافحة المخدرات /
_cإعداد مقدم محمد عبدالحميد زكي.
264 1 _aمصر :
_bوزارة الإعلام،
_c[1986].
300 _a137 صفحة، صفحات غير مرقمة :
_bجداول ؛
_c22 سم.
336 _2rda content
_atext
337 _2rda media
_aComputer
338 _2rda carrier
_aOnline Resource
504 _aيشتمل على إرجاعات ببليوجرافية.
546 _aالنص باللغة العربية
650 1 _aإدمان الخمور والمخدرات والجريمة.
_2qrmak
651 1 _2qrmak
710 2 _aجمهورية مصر العربية.
_bوزارة الاعلام.
_bالهيئة العامة للإستعلامات.
856 4 0 _uhttps://fll.law.cu.edu.eg/fulltext/bks/B10-11508.pdf
905 _a62
942 _2ddc
_n0
_cBK
_e21
999 _c73704
_d73704